LEADER 01099cam0 22002893 450 001 SON0004392 005 20231102090600.0 010 $a8814066825 100 $a20010208d1997 |||||ita|0103 ba 101 $aita 102 $aIT 200 1 $aLocazione di immobili ad uso diverso dell'abitazione$e187 problemi risolti con norme e consigli sugli affitti di box, negozi uffici, capannoni e terreni$fFrancesco Tamborrino 205 $a3 ed 210 $aMilano$cGiuffrè$d1997 215 $a142 p.$d24 cm 225 2 $aCosa & Come$eCasa e Territorio 410 1$1001LAEC00017525$12001 $a*Cosa & Come : Casa e Territorio 700 1$aTamborrino$b, Francesco$3AF00009200$4070$09567 801 0$aIT$bUNISOB$c20231102$gRICA 850 $aUNISOB 852 $aUNISOB$j340|Coll|12|C$m94913 912 $aSON0004392 940 $aM 102 Monografia moderna SBN 941 $aM 957 $a340|Coll|12|C$b000004$gSI$d94913$rACQUISTO$p20.000$1Spinosa$2UNISOB$3UNISOB$420221007093240.0$520231102090539.0$6Alfano 996 $aLocazione di immobili ad uso diverso dell'abitazione$91678649 997 $aUNISOB